Quick Pick: NBA Champions (2000s) Quiz Stats

 Plays Quiz Updated May 8, 2019

Score 0/5 Timer 00:30
15 Plays Today
% Correct
Los Angeles Lakers
91.2%
San Antonio Spurs
87%
Miami Heat
82.3%
Boston Celtics
80.8%
Detroit Pistons
68.7%

Today's Daily Dose

Missing Word
Banned Books (A-Z)

Word Ladder
Janis Joplin

Get the Picture
Occupations

You're not logged in!

Compare scores with friends on all Sporcle quizzes.
OR
Log In

Sporcle TV

Today on Sporcle TV


Watch our educational content, quiz creation guides, and fun videos on Sporcle TV.

Show Comments

Extras

Top Quizzes Today


Score Distribution

Your Account Isn't Verified!

In order to create a playlist on Sporcle, you need to verify the email address you used during registration. Go to your Sporcle Settings to finish the process.

Report this User

Report this user for behavior that violates our Community Guidelines.

Details: